Cómo leer a Lacan

Uloženo v:
Podrobná bibliografie
Hlavní autor: Zizek, Slavoj (Autor)
Médium: Kniha
Jazyk:španělština
Vydáno: Buenos Aires Paidós 2008
Vydání:1a. ed
Edice:Colección Espacios del Saber, 70
Témata:
Tagy: Přidat tag
Žádné tagy, Buďte první, kdo vytvoří štítek k tomuto záznamu!

MARC

LEADER 00000cam a2200000 a 4500
001 UCG2296
003 CL-VaPUC
008 100701e20080000AG |||||||||||||||||spa|d
020 |a 978950126705 
082 0 4 |a 302  |b ZIZ  |2 21 
100 0 |a Zizek, Slavoj  |e author  |9 550732 
245 1 0 |a Cómo leer a Lacan 
250 |a 1a. ed 
300 |a 138 p 
942 |c BK 
945 |d 20100701 00:00:00  |a dcastane 
260 |a Buenos Aires  |b Paidós  |c 2008 
650 0 |a Psicología social   |9 222894 
650 0 |a Desarrollo cultural  |9 267526 
650 7 |a TEORIAS PSICOLOGICAS  |2 CL-VaPUC  |9 455532 
650 7 |a PELICULAS CINEMATOGRAFICAS  |2 CL-VaPUC  |9 550733 
583 |a last modification  |c 20150624 09:17:06  |k Rodrigo Vera 
490 0 |a Colección Espacios del Saber, 70 
999 |c 341514  |d 341512 
952 |0 0  |1 0  |4 0  |6 302_000000000000000_ZIZ_2008  |7 0  |8 A  |9 437085  |a BIBART  |b BIBART  |d 2019-11-22  |i 4883306  |l 2  |o 302 ZIZ 2008  |p 4883306  |r 2025-03-13  |s 2024-10-24  |w 2019-11-22  |y BK  |k ART